Les 25 plus grosses arrivées du PSG - Statistiques

Statistiques générales
  • Ce quiz a été pris 1 920 fois
    330 depuis la dernière actualisation
  • Le résultat moyen est 22 sur 25
Statistiques - réponses
Saison Montant Pays Club de départ Joueur % Correct
2017/18 222M€ Brésil FC Barcelone Neymar Jr
100%
2018/19 180M€ France AS Monaco Kylian Mbappé
99%
2021/22 68M€ Maroc Inter Milan Achraf Hakimi
98%
2024/25 59M€ Portugal Benfica Lisbonne João Neves
95%
2024/25 70M€ Géorgie SSC Napoli Khvicha Kvaratskhelia
95%
2023/24 50M€ France FC Barcelone Ousmane Dembélé
95%
2013/14 64M€ Uruguay SSC Napoli Edinson Cavani
94%
2023/24 95M€ France Eintracht Francfort Randal Kolo Muani
94%
2015/16 63M€ Argentine Manchester United Angel Di Maria
91%
2024/25 50M€ France Stade Rennais Désiré Doué
91%
2022/23 41M€ Portugal FC Porto Vitinha
91%
2024/25 40M€ Équateur Eintracht Francfort Willian Pacho
91%
2023/24 45M€ France Olympique Lyonnais Bradley Barcola
90%
2025/26 40M€ France Lille OSC Lucas Chevalier
89%
2012/13 42M€ Brésil AC Milan Thiago Silva
89%
2022/23 38M€ Portugal Sporting CP Nuno Mendes
88%
2023/24 65M€ Portugal Benfica Lisbonne Gonçalo Ramos
86%
2023/24 45M€ France Bayern Munich Lucas Hernandez
84%
2023/24 60M€ Uruguay Sporting CP Manuel Ugarte
81%
2014/15 49M€ Brésil Chelsea David Luiz
80%
2011/12 42M€ Argentine Palermo Javier Pastore
80%
2025/26 63M€ Ukraine Bournemouth Ilya Zabarnyi
79%
2018/19 40M€ Argentine Zénith S-Pb Leandro Paredes
72%
2020/21 50M€ Argentine Inter Milan Mauro Icardi
72%
2012/13 40M€ Brésil FC Sao Paulo Lucas Moura
67%
Aucun quiz correspondant
Distribution des résultats
% des personnes avec chaque résultat
Percentile par nombre de réponses
Votre historique - résultats
Vous n’avez pas pris ce quiz depuis la dernière actualisation